00346nam a2200157Ia 4500008004100000041000800041100001200049245002500061260002800086300000900114365000700123520001200130520001500142650001200157999001900169230605s2006 xx 000 0 und d aeng aNewsome aNatural area tourism bViva books Mumbaic2006 a340p h20 aGeneral aHard Board aTourism c421241d421241